Computer systems : design and architecture (Record no. 184726)
[ view plain ]
| 000 -LEADER | |
|---|---|
| fixed length control field | 00512nam a2200181Ia 4500 |
| 005 - DATE AND TIME OF LATEST TRANSACTION | |
| control field | 20250319134934.0 |
| 008 - FIXED-LENGTH DATA ELEMENTS--GENERAL INFORMATION | |
| fixed length control field | 231217s9999 xx 000 0 und d |
| 020 ## - INTERNATIONAL STANDARD BOOK NUMBER | |
| International Standard Book Number | 9788177584837 |
| 082 ## - DEWEY DECIMAL CLASSIFICATION NUMBER | |
| Classification number | 621.38195 HEU;50 |
| 100 ## - MAIN ENTRY--PERSONAL NAME | |
| Personal name | Heuring, Vincent PJordan, Harry FVenkatesh, T G |
| 245 #0 - TITLE STATEMENT | |
| Title | Computer systems : design and architecture |
| 250 ## - EDITION STATEMENT | |
| Edition statement | 2nd ed. |
| 260 ## - PUBLICATION, DISTRIBUTION, ETC. (IMPRINT) | |
| Date of publication, distribution, etc. | 2008 |
| Name of publisher, distributor, etc. | Pearson |
| Place of publication, distribution, etc. | New Delhi |
| 300 ## - PHYSICAL DESCRIPTION | |
| Extent | xvii,726 |
| 500 ## - GENERAL NOTE | |
| General note | Content page available |
| 650 ## - SUBJECT ADDED ENTRY--TOPICAL TERM | |
| Topical term or geographic name as entry element | Computer,architecture |
| 942 ## - ADDED ENTRY ELEMENTS (KOHA) | |
| Koha item type | Books |
| Date last seen | Total Checkouts | Full call number | Accession number | Old discount | Uniform Resource Identifier | Cost, replacement price | Price effective from | Category | Public note | Lost status | Damaged status | Department | Withdrawn status | bill no. | bill date | Permanent Location | Current Location | Shelving location | Entry date | Vendor | Cost, normal purchase price | Grants | Currency symbol | Conversion rate | Discount | Discount type |
|---|---|---|---|---|---|---|---|---|---|---|---|---|---|---|---|---|---|---|---|---|---|---|---|---|---|---|
| 26/01/2024 | 621.38195 HEU;50 | 57415 | 12 | digital/contents/49409.pdf | 286.00 | 26/01/2024 | Books | SC-ST(1731) | Central Library | SBH/CRB/060125 | 16/09/2013 | Central Library | Central Library | SC-ST | 10/12/2009 | Sapna Book House | 325.00 | SC-ST | RS | 1 | 39 | Rupees | ||||
| 26/01/2024 | 621.38195 HEU;51 | 57416 | 12 | digital/contents/49409.pdf | 286.00 | 26/01/2024 | Books | SC-ST(1732) | Central Library | SBH/CRB/060125 | 16/09/2013 | Central Library | Central Library | SC-ST | 10/12/2009 | Sapna Book House | 325.00 | SC-ST | RS | 1 | 39 | Rupees |
